Loading...
| History - American | 1 | 0 | 0 | 0 | 15 | 70 | 70.00 | 0 | 1 | 6.89 | 4.17 |
| Fine Arts - Classical Music | 0 | 1 | 0 | 1 | 10 | 161 | 161.00 | 1 | 1 | 0.30 | 3.33 |
| Literature - Long Fiction | 0 | 1 | 0 | 0 | 10 | 142 | 142.00 | 0 | 1 | 0.17 | 2.78 |
| Literature - Short Fiction | 0 | 1 | 0 | 1 | 10 | 128 | 128.00 | 0 | 0 | 8.44 | 16.67 |
| Mythology | 1 | 0 | 1 | 0 | 10 | 22 | 22.00 | 0 | 1 | 12.10 | 9.52 |
| Philosophy | 0 | 1 | 0 | 0 | 10 | 101 | 101.00 | 1 | 1 | 1.58 | 10.00 |
| Fine Arts - Other | 1 | 0 | 2 | 0 | 5 | 88 | 88.00 | 1 | 1 | 3.07 | 6.67 |
| History - Other | 0 | 0 | 0 | 0 | 0 | 0.00 | 0 | 0 | 0.00 | 0.00 | |
| Science - Other | 0 | 0 | 0 | 0 | 0 | 0.00 | 0 | 0 | 0.00 | 0.00 | |
| Science - Physics | 0 | 0 | 1 | 0 | -5 | 0.00 | 0 | 0 | 0.00 | 0.00 |